学校別SAPIXオープンがある中学 - Statistics

General Stats
  • This quiz has been taken 26 times
  • The average score is 15 of 21
Answer Stats
Hint Answer % Correct
男子校 麻布中学校
100%
開成中学校
100%
筑波大学附属駒場中学校
100%
女子学院中学校
100%
女子校 桜蔭中学校
94%
武蔵中学校
89%
雙葉中学校
89%
渋谷教育学園渋谷中学校
89%
渋谷教育学園幕張中学校
89%
灘中学校
83%
早稲田中学校
78%
豊島岡女子学園中学校
67%
フェリス女学院中学校
61%
早稲田実業学校中学部
61%
慶應義塾普通部
56%
駒場東邦中学校
56%
栄光学園中学校
44%
早稲田大学高等学院中学部
44%
聖光学院中学校
39%
慶應義塾中等部
39%
共学校 慶應義塾湘南藤沢中等部
22%
No matching quizzes found
Score Distribution
Percent of People with Each Score
Percentile by Number Answered
Your Score History
You have not taken this quiz